00632 2200229 4500001002100000005001500021035002000036007000300056008004100059020002200100082000800122084001400130100001400144245008300158260003700241300003100278650002200309700001900331520003000350990001100380990001100391INLIS00000000000438620191105085943 a0010-1119000013ta191105 g 0 ind  a978-979-29-2146-5 a650 a650 BEN r0 aBENNY, Lo1 aRich Inc- Setiap Orang Bisa Jadi Pengusaha /cBenny Lo; editor, P. Seno Wibowo aYogyakarta :bAndi Offset,c2017 axii, 278 :bilus. ;c23 cm 4aMANAJEMEN. BISNIS0 aP SENO, Wibowo abibliografi: hlm. 277-278 a7047 a a7047 b